000 00441nam a2200181Ia 4500
008 210210b1923 xxu||||| |||| 00| 0 eng d
041 _aeng
082 _a519/47
100 _aEDDINGTON (A S)
245 _aMathematical theory of relativity
260 _aCambridge
_bAt the University Press.
_c1923
650 _atheory
650 _arelativity
650 _aof
650 _aMathematical
690 _aMathematics
906 _a007908
999 _c140767
_d140767